| 000 | 02215nam0a2200409 4500 | ||
|---|---|---|---|
| 001 | RU\NLR\bibl\283319 | ||
| 005 | 20250620140119.0 | ||
| 010 |
_a5-241-00085-2 _95000 |
||
| 021 |
_aRU _b2002-8598 _9422 |
||
| 035 | _a(NLR Aleph) 000278768 | ||
| 090 |
_a1630998 _c1630998 |
||
| 100 | _a20020618d2001 |||y0rusy50 ca | ||
| 101 | 0 | _arus | |
| 102 | _aRU | ||
| 105 | _ay ||||||||| | ||
| 200 | 1 |
_aТранспортное обеспечение коммерческой деятельности _eКрат. курс _eСоответствуют экон. спец. "Коммерция", "Тамож. дело", "Логистика" _fА. Ф. Шепелев, И. А. Печенежская |
|
| 210 |
_aРостов н/Д _cМарТ _d2001 |
||
| 215 |
_a423 с. _d20 |
||
| 225 | 1 | _aЭкономика и управление | |
| 606 | 0 |
_aМеждународные перевозки _jРуководства, пособия и т.п. для высшей школы _xПравовое регулирование _91555828 _3RU\NLR\auth\66679957 |
|
| 606 | 0 |
_aМеждународные перевозки _jУчебные издания для высшей школы _xПравовое регулирование _91555828 _3RU\NLR\auth\66679957 |
|
| 606 | 0 |
_aКоммерческая деятельность _jРуководства, пособия и т.п. для высшей школы _xТранспортное обеспечение _92255699 _3RU\NLR\auth\661352787 |
|
| 606 | 0 |
_aКоммерческая деятельность _jУчебные издания для высшей школы _xТранспортное обеспечение _92255699 _3RU\NLR\auth\661352787 |
|
| 610 | 0 | _aГрузовые перевозки | |
| 675 |
_a656(075.8) _v3 _zrus |
||
| 686 |
_a73 _2rugasnti |
||
| 686 |
_a39я73 _2rubbk |
||
| 686 | _aУ37(0)8-81я73 | ||
| 686 | _aХ916.212я73 | ||
| 700 | 1 |
_aШепелев _bА. Ф. _gАнатолий Федорович _4070 |
|
| 701 | 1 |
_aПеченежская _bИ. А. _gИрина Александровна _4070 |
|
| 801 | 0 |
_aRU _bRKP _c20020618 _gPSBO |
|
| 801 | 1 |
_aRU _bRKP _c20020618 |
|
| 801 | 2 |
_aRU _bNLR _c20021118 _grcr |
|
| 942 | _cBOOK | ||
| 980 | _aNB | ||